| 000 | 00779nam a2200253 4500 | ||
|---|---|---|---|
| 003 | OSt | ||
| 005 | 20180825091135.0 | ||
| 008 | 180825b xxu||||| |||| 00| 0 spa d | ||
| 020 | _a9505720440 | ||
| 040 | _cPJ | ||
| 100 |
_91666 _aFontanarrosa, Rodolfo O. |
||
| 245 | 1 | 0 |
_aRégimen jurídico del cheque : _cRodolfo Fontanarrosa |
| 260 |
_aBuenos Aires : _bZavalía, _c1986. |
||
| 300 |
_a224 p. _c23 cm. |
||
| 500 | _aNotas y citas a pie de página. | ||
| 650 | 0 |
_91602 _aDERECHO COMERCIAL |
|
| 650 | 0 |
_91831 _aTITULOS DE CRÉDITO |
|
| 650 | 0 |
_91832 _aCHEQUE |
|
| 650 | 0 |
_91835 _aLEY DE CHEQUES |
|
| 653 | _aDECRETO LEY 4776/63 | ||
| 653 | _aLEY 23.549 | ||
| 710 |
_91838 _aArgentina. Leyes, decretos, etc. Decreto Ley 4776/63 |
||
| 942 |
_2udc _cLIB _h347.748 _iFON |
||
| 999 |
_c1235 _d1235 |
||